[Event "DEM U10w 2016"]
[Site "Willingen GER"]
[Date "2016.05.16"]
[Round "4"]
[White "Schneider, Anna"]
[Black "Zhou, Lepu Coco"]
[Result "1-0"]
[Termination "normal"]
[Board "2"]
[WhiteElo "1365"]
[BlackElo "1645"]
[WhiteClock "00:59:57"]
[BlackClock "00:23:37"]
[PlyCount "63"]
[WhiteFideId "16200527"]
[BlackFideId "16217136"]
[EventCountry "GER"]
[EventRounds "11"]
[EventType "swiss"]
[EventDate "2016.05.14"]

1. e4 e5 2. Nf3 Nc6 3. d4 exd4 4. Bc4 Nf6 5. e5 d5 6. Bb5 Ne4 7. Qe2 Bb4+ 8. c3
dxc3 9. O-O Bd7 10. a3 cxb2 11. Bxb2 Be7 12. Nbd2 Nxd2 13. Qxd2 a6 14. Ba4 b5
15. Bb3 Be6 16. Qc3 Nb8 17. Rad1 O-O 18. Nd4 c5 19. Nxe6 fxe6 20. Qh3 Qd7 21.
Bc2 g6 22. f4 c4 23. Be4 Qa7+ 24. Kh1 dxe4 25. Qxe6+ Rf7 26. f5 gxf5 27. Rxf5
Bc5 28. Rg5+ Kh8 29. Qxf7 Nc6 30. e6+ Nd4 31. Qf6+ Qg7 32. Qxg7# 1-0

[Event "DEM U10w 2016"]
[Site "Willingen GER"]
[Date "2016.05.16"]
[Round "4"]
[White "Peglau, Charis"]
[Black "Nguyen, Phuong Thao Vivien"]
[Result "0-1"]
[Termination "normal"]
[Board "3"]
[WhiteElo "1097"]
[BlackElo "1578"]
[WhiteClock "01:08:42"]
[BlackClock "00:56:39"]
[PlyCount "76"]
[WhiteFideId "16219996"]
[BlackFideId "16210735"]
[EventCountry "GER"]
[EventRounds "11"]
[EventType "swiss"]
[EventDate "2016.05.14"]

1. e4 c5 2. Nf3 d6 3. Nc3 Nf6 4. d3 g6 5. Be3 Bg7 6. Qd2 Ng4 7. Be2 Nxe3 8.
fxe3 O-O 9. O-O Bd7 10. Rad1 b5 11. d4 c4 12. b3 cxb3 13. axb3 a6 14. Nd5 Nc6
15. Qc3 Rc8 16. Qb2 Na5 17. Qa3 Rxc2 18. Bd3 Rc8 19. Rc1 Bc6 20. Nf4 Qb6 21. d5
Qxe3+ 22. Kh1 Qxf4 23. dxc6 Qe3 24. Bb1 Nxc6 25. Qxa6 Nb4 26. Rce1 Qxe1 27.
Rxe1 Nxa6 28. Bd3 Rc5 29. Rb1 Rfc8 30. h3 Rc1+ 31. Rxc1 Rxc1+ 32. Kh2 Nc7 33.
Kg3 Rc3 34. Bf1 Rxb3 35. Kf4 Ne6+ 36. Kg3 Be5+ 37. Kf2 Rb2+ 38. Kg1 b4 0-1

[Event "DEM U10w 2016"]
[Site "Willingen GER"]
[Date "2016.05.16"]
[Round "4"]
[White "Bashylina, Luisa"]
[Black "Breß, Amy Charlize"]
[Result "1/2-1/2"]
[Termination "normal"]
[Board "4"]
[WhiteElo "1664"]
[BlackElo "1059"]
[WhiteClock "00:41:58"]
[BlackClock "00:10:52"]
[PlyCount "81"]
[WhiteFideId "12983292"]
[BlackFideId "16233786"]
[EventCountry "GER"]
[EventRounds "11"]
[EventType "swiss"]
[EventDate "2016.05.14"]

1. e4 c6 2. d4 d5 3. e5 Bf5 4. g4 Bg6 5. h4 h6 6. h5 Bh7 7. e6 fxe6 8. Bd3 Bxd3
9. Qxd3 Qd6 10. Nf3 Nd7 11. Qg6+ Kd8 12. O-O e5 13. Qf7 Qf6 14. Qxf6 Ngxf6 15.
Nxe5 Nxe5 16. dxe5 Nd7 17. f4 e6 18. Nd2 Bc5+ 19. Kh1 b5 20. Nb3 a5 21. Re1 Kc7
22. Be3 Bxe3 23. Rxe3 c5 24. Rd1 a4 25. Nd2 Rhf8 26. Rf3 Rf7 27. Kg2 Rg8 28.
Rdf1 g6 29. hxg6 Rxg6 30. Kh3 Rgg7 31. Rh1 Rh7 32. Kg2 Rfg7 33. Rg3 Rg6 34. Nb1
Kc6 35. Nc3 Kb6 36. Ne2 Rgg7 37. Kf2 Rf7 38. Kg2 Rfg7 39. Kf2 Rf7 40. Kg2 Rfg7
41. Kf2 1/2-1/2

[Event "DEM U10w 2016"]
[Site "Willingen GER"]
[Date "2016.05.16"]
[Round "4"]
[White "Pohle, Saskia"]
[Black "Derling, Charlotte"]
[Result "1/2-1/2"]
[Termination "normal"]
[Board "5"]
[WhiteElo "1228"]
[BlackElo "974"]
[WhiteClock "00:32:30"]
[BlackClock "01:06:21"]
[PlyCount "88"]
[WhiteFideId "16201604"]
[BlackFideId "16222237"]
[EventCountry "GER"]
[EventRounds "11"]
[EventType "swiss"]
[EventDate "2016.05.14"]

1. e4 c5 2. Nf3 d6 3. Bb5+ Bd7 4. Bxd7+ Qxd7 5. O-O Nf6 6. Re1 g6 7. c3 Nc6 8.
d4 cxd4 9. cxd4 Rc8 10. d5 Ne5 11. Nxe5 dxe5 12. Nc3 Bg7 13. Be3 a6 14. Qd2 O-O
15. Bh6 Rfe8 16. Bxg7 Kxg7 17. Rac1 Qg4 18. h3 Qf4 19. Qxf4 exf4 20. f3 h5 21.
e5 Nh7 22. d6 exd6 23. exd6 Rxe1+ 24. Rxe1 Rd8 25. Rd1 Kf6 26. Ne4+ Ke6 27. d7
Nf6 28. Nc5+ Ke7 29. Nxb7 Rxd7 30. Rxd7+ Nxd7 31. a4 f5 32. Kf1 Ke6 33. Ke2 Ke5
34. Kd3 Kd5 35. b4 Nb6 36. a5 Na4 37. Nd8 g5 38. Nf7 g4 39. h4 Kc6 40. Kc4 Nb2+
41. Kc3 Nd1+ 42. Kb3 Kb5 43. Nd6+ Kc6 44. Nxf5 Ne3 1/2-1/2

[Event "DEM U10w 2016"]
[Site "Willingen GER"]
[Date "2016.05.16"]
[Round "4"]
[White "Zöllner, Bente"]
[Black "Müller, Alina"]
[Result "0-1"]
[Termination "normal"]
[Board "6"]
[WhiteElo "922"]
[BlackElo "1159"]
[WhiteClock "00:57:47"]
[BlackClock "00:10:00"]
[PlyCount "76"]
[WhiteFideId "16230523"]
[BlackFideId "16265939"]
[EventCountry "GER"]
[EventRounds "11"]
[EventType "swiss"]
[EventDate "2016.05.14"]

1. d4 d5 2. Nf3 Nf6 3. Bf4 Bf5 4. e3 Nc6 5. Bd3 Bxd3 6. cxd3 e6 7. O-O Be7 8.
Nbd2 O-O 9. Qe2 Bd6 10. Bxd6 Qxd6 11. Rac1 Rfe8 12. e4 e5 13. dxe5 Nxe5 14.
Rfe1 Nfd7 15. Rc2 dxe4 16. dxe4 Nd3 17. Rd1 Nf4 18. Qc4 Qg6 19. g3 Nh3+ 20. Kf1
Qb6 21. Nb3 Rad8 22. Qd5 Qf6 23. Qf5 Qa6+ 24. Kg2 Qxa2 25. Qxh3 Qxb3 26. Rxc7
Qxd1 27. Rxb7 Rxe4 28. Rb5 h6 29. Qf5 Re6 30. b4 Rf6 31. Qe4 Rb6 32. Rxb6 Nxb6
33. Qb7 Rd7 34. Qb8+ Rd8 35. Qxa7 Nc4 36. Qc7 Qd3 37. b5 Nd2 38. Ne5 Qf1# 0-1

[Event "DEM U10w 2016"]
[Site "Willingen GER"]
[Date "2016.05.16"]
[Round "4"]
[White "Werner, Rosalie"]
[Black "Keymer, Cecilia"]
[Result "1-0"]
[Termination "normal"]
[Board "7"]
[WhiteElo "1075"]
[BlackElo "923"]
[PlyCount "151"]
[WhiteFideId "16223748"]
[BlackFideId "16233468"]
[EventCountry "GER"]
[EventRounds "11"]
[EventType "swiss"]
[EventDate "2016.05.14"]

1. e4 c5 2. Nf3 e6 3. Nc3 a6 4. d3 Qc7 5. Be3 d6 6. g3 Nf6 7. Bg2 b5 8. O-O Bb7
9. Bg5 Be7 10. Re1 b4 11. Nb1 Nbd7 12. Nbd2 O-O 13. c3 a5 14. Qc2 Rfe8 15. a3
bxc3 16. bxc3 Bc6 17. Rab1 Rab8 18. d4 cxd4 19. cxd4 e5 20. d5 Nc5 21. dxc6
Qxc6 22. Bxf6 Bxf6 23. Nb3 Ra8 24. Nxc5 dxc5 25. Red1 Rec8 26. Rbc1 Ra6 27. Bf1
Ra7 28. Bh3 Rca8 29. Qxc5 Qxc5 30. Rxc5 Re7 31. Rdc1 g6 32. Rc8+ Rxc8 33. Rxc8+
Kg7 34. Ra8 Rb7 35. Rxa5 Rb3 36. Kg2 Be7 37. a4 f6 38. Be6 Rb6 39. Bd7 Rb7 40.
Bb5 Bb4 41. Ra8 Kh6 42. g4 Kg7 43. Rd8 Ba5 44. Rd7+ Rxd7 45. Bxd7 Kf7 46. Bb5
Ke6 47. Kf1 Kd6 48. Ke2 Kc5 49. Nd2 Bb4 50. Kd3 Kb6 51. Nb3 Ba5 52. Nxa5 Kxa5
53. Ke3 Kb6 54. f4 exf4+ 55. Kxf4 Kc5 56. e5 fxe5+ 57. Kxe5 h5 58. gxh5 gxh5
59. h4 Kb6 60. Kf5 Ka5 61. Kg5 Kb6 62. Kxh5 Kc5 63. Kg6 Kd5 64. a5 Kc5 65. h5
Kxb5 66. h6 Kxa5 67. h7 Kb5 68. h8=Q Kc5 69. Kf6 Kc4 70. Ke5 Kc5 71. Qc8+ Kb4
72. Kd5 Kb3 73. Kd4 Kb4 74. Qb7+ Ka3 75. Qb5 Ka2 76. Kc3 1-0

[Event "DEM U10w 2016"]
[Site "Willingen GER"]
[Date "2016.05.16"]
[Round "4"]
[White "Bildat, Emilia"]
[Black "Antonava, Sviatlana"]
[Result "1-0"]
[Termination "normal"]
[Board "8"]
[WhiteElo "947"]
[BlackElo "1156"]
[PlyCount "125"]
[WhiteFideId "16218140"]
[BlackFideId "16216806"]
[EventCountry "GER"]
[EventRounds "11"]
[EventType "swiss"]
[EventDate "2016.05.14"]

1. d4 b6 2. Nf3 Bb7 3. Bf4 e6 4. e3 Nf6 5. Nbd2 Be7 6. Be2 O-O 7. O-O c5 8. c3
Na6 9. Rc1 Rc8 10. Qa4 Nc7 11. Qxa7 Bc6 12. Bxc7 Qxc7 13. Qxc7 Rxc7 14. Ne5 Bd5
15. Nef3 Ra7 16. a3 h6 17. c4 Bc6 18. Rfe1 Rc8 19. Bd3 Rac7 20. e4 d6 21. d5
exd5 22. exd5 Bb7 23. Re2 Re8 24. Rce1 Kf8 25. b4 Ba6 26. b5 Bc8 27. h3 Nh5 28.
Re3 Nf4 29. Ne4 Nxd3 30. Rxd3 Bd8 31. Rde3 Bd7 32. Nxd6 Rxe3 33. Rxe3 Be7 34.
Ne4 Ra7 35. Ne5 Bf5 36. d6 Bd8 37. f3 Bxe4 38. fxe4 Bf6 39. d7 Ra8 40. Nc6 g6
41. Rd3 Bd4+ 42. Nxd4 cxd4 43. Rxd4 Ke7 44. d8=Q+ Rxd8 45. Rxd8 Kxd8 46. Kf2
Kd7 47. Ke3 Kd6 48. Kd4 Ke6 49. c5 bxc5+ 50. Kxc5 Ke5 51. b6 Kxe4 52. b7 Kf4
53. b8=Q+ Ke3 54. Qe8+ Kf2 55. Qxf7+ Kxg2 56. Qxg6+ Kxh3 57. Qxh6+ Kg2 58. Qe3
Kh1 59. Qd2 Kg1 60. Kd4 Kh1 61. Ke3 Kg1 62. Kf3 Kf1 63. Qf2# 1-0

[Event "DEM U10w 2016"]
[Site "Willingen GER"]
[Date "2016.05.16"]
[Round "4"]
[White "Baltic, Sara"]
[Black "Krebs, Elisabeth"]
[Result "1-0"]
[Termination "normal"]
[Board "9"]
[WhiteElo "1149"]
[BlackElo "1076"]
[PlyCount "77"]
[WhiteFideId "16210409"]
[EventCountry "GER"]
[EventRounds "11"]
[EventType "swiss"]
[EventDate "2016.05.14"]

1. e4 e5 2. Nf3 Nc6 3. Bc4 d6 4. h3 Qe7 5. c3 Bd7 6. d3 h6 7. Bb3 O-O-O 8. O-O
Qf6 9. Be3 Be7 10. Nbd2 Qg6 11. Kh1 h5 12. Rg1 Bg4 13. Nf1 Bf6 14. N1h2 Nge7
15. Rf1 d5 16. exd5 Nxd5 17. hxg4 hxg4 18. Bxd5 Rxd5 19. Ng5 Qh5 20. Nh3 Rxd3
21. Qxd3 gxh3 22. g3 Ne7 23. Rad1 b6 24. Qa6+ Kb8 25. Rd7 Nf5 26. g4 Qh4 27. c4
Nxe3 28. fxe3 Qg3 29. Rg1 Qxe3 30. Qa3 Qe4+ 31. Qf3 Qxc4 32. g5 e4 33. b3 Qc2
34. Qd1 Qf2 35. gxf6 gxf6 36. Rd8+ Rxd8 37. Qxd8+ Kb7 38. Qd5+ Kb8 39. Rg8# 1-0

[Event "DEM U10w 2016"]
[Site "Willingen GER"]
[Date "2016.05.16"]
[Round "4"]
[White "Grey, Anna"]
[Black "Wörz, Ann-Sophie"]
[Result "1/2-1/2"]
[Termination "normal"]
[Board "10"]
[WhiteElo "964"]
[BlackElo "1145"]
[PlyCount "46"]
[WhiteFideId "16226917"]
[BlackFideId "16265890"]
[EventCountry "GER"]
[EventRounds "11"]
[EventType "swiss"]
[EventDate "2016.05.14"]

1. d4 d5 2. e3 c6 3. Nf3 Nf6 4. Bd3 Bg4 5. Bd2 Nbd7 6. c4 e5 7. Be2 Bxf3 8.
Bxf3 e4 9. Be2 g6 10. Bc3 Bg7 11. O-O O-O 12. b4 a6 13. a3 Re8 14. Nd2 Rb8 15.
Nb3 b6 16. a4 b5 17. c5 Qc7 18. axb5 axb5 19. Na5 Ra8 20. Ra2 Re6 21. Qc2 h5
22. Rfa1 Nf8 23. Nb3 Rxa2 1/2-1/2

[Event "DEM U10w 2016"]
[Site "Willingen GER"]
[Date "2016.05.16"]
[Round "4"]
[White "Müller, Helene"]
[Black "Roncea, Andreea-Alexandra"]
[Result "1-0"]
[Termination "normal"]
[Board "11"]
[WhiteElo "1107"]
[BlackElo "857"]
[PlyCount "121"]
[WhiteFideId "16240456"]
[BlackFideId "16233115"]
[EventCountry "GER"]
[EventRounds "11"]
[EventType "swiss"]
[EventDate "2016.05.14"]

1. e4 d5 2. exd5 Qxd5 3. Nc3 Qd6 4. d4 Nf6 5. Nf3 a6 6. Bc4 b5 7. Bb3 Bb7 8.
Qe2 Nbd7 9. Bg5 e6 10. O-O-O Be7 11. Rhe1 O-O 12. d5 exd5 13. Qxe7 Qxe7 14.
Rxe7 Rfe8 15. Rxe8+ Rxe8 16. Nxd5 Nxd5 17. Bxd5 Bxd5 18. Rxd5 Nb6 19. Rd8 Rxd8
20. Bxd8 Nd5 21. Kd2 Kf8 22. Kd3 Ke8 23. c4 bxc4+ 24. Kxc4 Kxd8 25. Kxd5 Kd7
26. Ne5+ Ke7 27. Kc6 f6 28. Nf3 Kd8 29. Nd4 g5 30. Ne6+ Ke7 31. Nxc7 a5 32.
Nd5+ Ke6 33. a4 f5 34. f4 gxf4 35. Nxf4+ Ke5 36. Ne2 f4 37. Nxf4 Kxf4 38. Kb5
Ke5 39. Kxa5 Kd6 40. Kb6 Kd7 41. Kb7 Kd8 42. a5 Kd7 43. a6 Kd6 44. a7 Kc5 45.
a8=Q Kd4 46. Qd8+ Ke5 47. Qe7+ Kf5 48. Qxh7+ Ke5 49. Qh4 Kf5 50. Kc6 Ke5 51.
Kc5 Kf5 52. Kd4 Ke6 53. Qh5 Kf6 54. Ke4 Ke6 55. Qe5+ Kd7 56. Qf6 Kc8 57. Qe7
Kb8 58. Qd7 Ka8 59. Kd5 Kb8 60. Kc6 Ka8 61. Qb7# 1-0

[Event "DEM U10w 2016"]
[Site "Willingen GER"]
[Date "2016.05.16"]
[Round "4"]
[White "Scholz, Rika"]
[Black "Lorenz, Anouk"]
[Result "0-1"]
[Termination "normal"]
[Board "13"]
[WhiteElo "912"]
[BlackElo "1187"]
[PlyCount "70"]
[WhiteFideId "16240537"]
[BlackFideId "12990256"]
[EventCountry "GER"]
[EventRounds "11"]
[EventType "swiss"]
[EventDate "2016.05.14"]

1. e4 c5 2. Nf3 Nc6 3. d4 cxd4 4. Nxd4 g6 5. Nf3 Bg7 6. Bc4 Nf6 7. Bg5 Nxe4 8.
c3 O-O 9. Bh4 Qb6 10. Nbd2 Nf6 11. O-O Qd8 12. h3 d5 13. Bb3 Be6 14. Ba4 a6 15.
Bxc6 bxc6 16. Nb3 Ne4 17. a4 Rb8 18. Ra3 Qd7 19. Kh2 Rfd8 20. a5 c5 21. Qe2 c4
22. Nbd4 Nf6 23. Ng5 Bf5 24. Nxf5 gxf5 25. Bg3 Rb7 26. Bh4 h6 27. Nf3 Ne4 28.
Nd4 Qc7+ 29. g3 f4 30. Rg1 Kf8 31. Nf5 Rdb8 32. Ra2 Ng5 33. gxf4 Qxf4+ 34. Bg3
Qxf5 35. Bxb8 Qxh3# 0-1

[Event "DEM U10w 2016"]
[Site "Willingen GER"]
[Date "2016.05.16"]
[Round "4"]
[White "Engelhardt, Wilhelmine"]
[Black "Feige, Adelina"]
[Result "1-0"]
[Termination "normal"]
[Board "14"]
[WhiteElo "1156"]
[BlackElo "795"]
[PlyCount "87"]
[WhiteFideId "16245652"]
[BlackFideId "16265955"]
[EventCountry "GER"]
[EventRounds "11"]
[EventType "swiss"]
[EventDate "2016.05.14"]

1. e4 e5 2. Nf3 Nc6 3. Bc4 Bc5 4. c3 Nf6 5. d4 exd4 6. O-O Nxe4 7. cxd4 Bb4 8.
d5 Ne7 9. Re1 Bxe1 10. Qxe1 Nf6 11. Bg5 d6 12. Bb5+ Bd7 13. Bxd7+ Qxd7 14. Nc3
O-O-O 15. a4 Rde8 16. Qd1 a6 17. b4 Ng4 18. b5 Ne5 19. Nxe5 dxe5 20. Bxe7 Rxe7
21. bxa6 bxa6 22. Rb1 c6 23. Qb3 Qb7 24. Qc4 Qc7 25. Qxa6+ Qb7 26. Rxb7 Rxb7
27. Qa8+ Rb8 28. Qxc6+ Kd8 29. Qd6+ Kc8 30. Qxe5 Kd7 31. d6 Rhe8 32. Qf5+ Kd8
33. h3 Re1+ 34. Kh2 Rb3 35. Na2 Rb2 36. Qa5+ Kd7 37. Qxe1 Rxa2 38. Qe7+ Kc6 39.
d7 Rd2 40. d8=Q Rxd8 41. Qxd8 Kc5 42. a5 Kb5 43. Qb6+ Ka4 44. a6 1-0

[Event "DEM U10w 2016"]
[Site "Willingen GER"]
[Date "2016.05.16"]
[Round "4"]
[White "Wilmink, Anna"]
[Black "von Beckh, Frieda"]
[Result "0-1"]
[Termination "normal"]
[Board "15"]
[WhiteElo "833"]
[BlackElo "1071"]
[PlyCount "28"]
[WhiteFideId "16273680"]
[BlackFideId "16233751"]
[EventCountry "GER"]
[EventRounds "11"]
[EventType "swiss"]
[EventDate "2016.05.14"]

1. e4 e5 2. Nf3 Nc6 3. d4 exd4 4. Nxd4 Nf6 5. Nxc6 bxc6 6. Bd3 d5 7. exd5 cxd5
8. O-O Be7 9. Bg5 O-O 10. Nc3 Rb8 11. Rb1 Qd6 12. Qf3 Ng4 13. Qh3 h6 14. Qf3
Qxh2# 0-1

[Event "DEM U10w 2016"]
[Site "Willingen GER"]
[Date "2016.05.16"]
[Round "4"]
[White "Petersen, Sophie"]
[Black "Peglau, Dora"]
[Result "1-0"]
[Termination "normal"]
[Board "17"]
[WhiteElo "906"]
[BlackElo "1066"]
[PlyCount "81"]
[WhiteFideId "16229380"]
[BlackFideId "16220005"]
[EventCountry "GER"]
[EventRounds "11"]
[EventType "swiss"]
[EventDate "2016.05.14"]

1. e4 e5 2. Nf3 Nc6 3. d4 exd4 4. Nxd4 Nxd4 5. Qxd4 Nf6 6. Nc3 Be7 7. Bc4 b6 8.
h3 Bb7 9. Be3 Bc5 10. Qd3 Bxe3 11. Qxe3 Qe7 12. Bd3 O-O-O 13. O-O-O Rhe8 14.
Rhe1 Qb4 15. f3 a5 16. a3 Qe7 17. Qd2 Qe5 18. f4 Qh5 19. e5 Nd5 20. Be4 Nxc3
21. Bxb7+ Kxb7 22. Qxc3 Qg6 23. Qc4 c6 24. Qe4 Qh5 25. Qe2 Qh6 26. Qe4 f6 27.
Qf5 Rxe5 28. Rxe5 fxe5 29. Qxe5 Kc8 30. Rd3 Rf8 31. Rb3 Rxf4 32. Kb1 Rf1+ 33.
Ka2 Qc1 34. Rxb6 Qb1+ 35. Kb3 a4+ 36. Kxa4 Qxc2+ 37. Ka5 Qd2+ 38. Ka6 Qd3+ 39.
Ka7 d6 40. Qe8+ Kc7 41. Rb7# 1-0

[Event "DEM U10w 2016"]
[Site "Willingen GER"]
[Date "2016.05.16"]
[Round "4"]
[White "Tolpa, Amelie"]
[Black "Gossing, Marie-Sophie"]
[Result "0-1"]
[Termination "normal"]
[Board "18"]
[WhiteElo "808"]
[BlackElo "808"]
[PlyCount "48"]
[WhiteFideId "16275756"]
[BlackFideId "16217284"]
[EventCountry "GER"]
[EventRounds "11"]
[EventType "swiss"]
[EventDate "2016.05.14"]

1. e4 e5 2. Nf3 Nc6 3. Bc4 Bc5 4. d3 d6 5. Be3 Bb6 6. O-O Bg4 7. Nc3 Nf6 8. Nd5
Nxd5 9. Bxd5 O-O 10. h3 Bh5 11. Bg5 Qd7 12. c4 Nd4 13. Be3 Nxf3+ 14. Kh1 c6 15.
Bxb6 axb6 16. gxf3 Qxh3+ 17. Kg1 Bxf3 18. Qxf3 Qxf3 19. Bxf7+ Rxf7 20. Rae1
Rxa2 21. Re3 Qg4+ 22. Kh1 Rxb2 23. Rg1 Qh4+ 24. Kg2 Rbxf2# 0-1